| 000 | 00868nam a2200289 4500 | ||
|---|---|---|---|
| 003 | OSt | ||
| 005 | 20260530115255.0 | ||
| 008 | 260506b1988 nyua|||| |||| 00| 0 eng d | ||
| 040 |
_aICI _bspa _cICI |
||
| 041 | _aeng | ||
| 050 |
_aNA2850 _b.A73 1988 |
||
| 100 | 1 |
_aWendy W. Staebler _930293 |
|
| 245 | 1 | 0 | _aArchitectural Detailing in Contract Interiors |
| 260 |
_aNew York : _bWatson-Guptill Publications, _c1988 |
||
| 264 | 1 |
_bWhitney Library of Design _c1988 |
|
| 300 | _a256 páginas : | ||
| 336 |
_atexto _2rdacontent |
||
| 337 |
_asin medio _2rdamedia |
||
| 338 |
_avolumen _2rdacarrier |
||
| 500 | _aLibro de Referencia | ||
| 650 | _aDetalles arquitectónicos | ||
| 650 |
_aDiseño de interiores _919717 |
||
| 650 | _aArquitectura comercial | ||
| 650 |
_aAcabados de interiores _930296 |
||
| 650 |
_aEdificios comerciales _930297 |
||
| 942 |
_2lcc _cBK _n1 |
||
| 999 |
_c12542 _d12542 |
||